Finančné trhy a inštitúcie

Guardado en:
Detalles Bibliográficos
Autor principal: Verner, Robert, 1986-
Autor Corporativo: Podnikovohospodárska fakulta EU so sídlom v Košiciach. Katedra kvantitatívnych metód
Otros Autores: Duľová Spišáková, Emília, 1983-, Burger, Peter
Formato: Libro
Lenguaje:eslovaco
Publicado: Bratislava Vydavateľstvo EKONÓM 2019
Edición:1. vydanie
Materias:
Etiquetas: Agregar Etiqueta
Sin Etiquetas, Sea el primero en etiquetar este registro!

MARC

LEADER 00000nam a2200000 4500
001 0260051
005 20240502074118.7
020 |a 978-80-225-4674-4 
041 0 |a slo 
044 |a SK 
245 1 0 |a Finančné trhy a inštitúcie  |c Robert Verner ; recenzenti: Emília Duľová Spišáková, Peter Burger 
250 |a 1. vydanie 
264 1 |a Bratislava  |b Vydavateľstvo EKONÓM  |c 2019 
300 |a [141 s.] [7,05 AH] 
610 2 0 |a trh finančný 
610 2 0 |a inštitúcie finančné 
610 2 0 |a regulácia 
610 2 0 |a papiere cenné 
610 2 0 |a kríza 
610 2 0 |a burzy 
610 2 0 |a analýzy 
100 1 |a Verner, Robert, 1986- 
700 1 |a Duľová Spišáková, Emília, 1983- 
700 1 |a Burger, Peter 
710 2 |a Podnikovohospodárska fakulta EU so sídlom v Košiciach. Katedra kvantitatívnych metód